[Event "Floripa Chess Open 2024"]
[Site "Florianopolis"]
[Date "2024.01.22"]
[Round "3.163"]
[White "Donatti, Sofia"]
[Black "Fossatti, Igor Anton"]
[Result "1-0"]
[WhiteElo "1767"]
[BlackElo "1340"]
[PlyCount "52"]
[EventDate "2024.01.20"]
[EventRounds "10"]
[EventCountry "BRA"]

1. e4 c5 2. Nf3 d6 3. d4 cxd4 4. Qxd4 Nc6 5. Bb5 Bd7 6. Bxc6 Bxc6 7. Nc3 e5 8.
Qd3 Nf6 9. Bg5 Be7 10. O-O-O Qb6 ({RR} 10... Qa5 11. Kb1 O-O-O 12. Qc4 Rd7 13.
b4 Qb6 14. b5 Rc7 15. Be3 Qa5 16. bxc6 Rxc6 17. Qxf7 Qxc3 18. Bd2 Rb6+ 19. Qb3
Rxb3+ 20. axb3 Qc6 21. Be3 Nxe4 22. Rd3 Kb8 23. Kb2 Rc8 24. c4 Nc5 25. Rc3 {
Larino Nieto,D (2350)-Anguera Maestro,J (2183) Barcelona 2005 0-1 (36)}) 11.
Bxf6 gxf6 12. Nh4 ({RR} 12. Nd5 Bxd5 13. Qxd5 Rc8 14. Rd2 Rc5 15. Qd3 Ra5 16.
Kb1 Rb5 17. c4 Rc5 18. Nh4 Qb4 19. Rc1 f5 20. Nxf5 Bg5 21. Qxd6 Qxd2 22. Ng7# {
1-0 (22) Skliarov,V (2349)-Manon Og,R (1950) chess.com INT 2023}) 12... Qxf2
$146 ({RR} 12... O-O-O 13. Nf5 Qc7 14. Nd5 Bxd5 15. Qxd5 Bf8 16. Rd3 Kb8 17.
Rc3 Qd7 18. Rd1 Qe6 19. Qa5 Rd7 20. Rd5 Be7 21. Ra3 b6 22. Qd2 Rc8 23. Rad3 Bf8
24. Kb1 Rc6 25. Qd1 Kc7 26. Qh5 h6 27. Qd1 {Lehtosaari,M-Arppi,H Finland 2007
1-0 (32)}) ({RR} 12... O-O-O 13. Nf5 Bf8 14. f3 h5 15. Qc4 Qc7 16. Rd3 Bd7 17.
Qxf7 Bxf5 18. Qxc7+ Kxc7 19. Nd5+ Kb8 20. exf5 Bg7 21. Rhd1 h4 22. Nc3 Rh5 23.
Rxd6 Rxd6 24. Rxd6 Rxf5 25. Ne4 h3 26. gxh3 Rxf3 27. Rd3 {Szabo,G (1862)
-Pasztor Turak,P Hungary 2009 1/2-1/2 (41)}) 13. Nf5 Rd8 14. Nd5 Bxd5 15. Qxd5
Rd7 16. Rd2 Qc5 17. Ng7+ Kf8 18. Qxc5 dxc5 19. Rxd7 Kxg7 20. Rxe7 Rb8 21. Rd1
f5 22. Rxe5 fxe4 23. Rxe4 f5 24. Re5 Rf8 25. Rd7+ Kf6 26. Rxc5 Rg8 1-0

[Event "Floripa Chess Open 2024"]
[Site "Florianopolis"]
[Date "2024.01.22"]
[Round "3.164"]
[White "Lopes, Leonardo Borges"]
[Black "Zottis, Ernani"]
[Result "1-0"]
[WhiteElo "1694"]
[BlackElo "1335"]
[PlyCount "77"]
[EventDate "2024.01.20"]
[EventRounds "10"]
[EventCountry "BRA"]

1. e4 e5 2. Nf3 Nc6 3. Bb5 Bc5 4. O-O Nge7 5. c3 O-O 6. d4 Bb6 7. d5 ({RR} 7.
Bxc6 Nxc6 8. d5 Nb8 9. Nxe5 Qe8 10. Nc4 Qxe4 11. Nxb6 axb6 12. d6 cxd6 13. Qxd6
Qe6 14. Bf4 Nc6 15. Na3 Ra4 16. Rfe1 Re4 17. Rxe4 Qxe4 18. h3 Ne7 19. Qd2 Ng6
20. Bd6 Re8 21. f3 Qc6 {Zhigalko,S (2572)-Oparin,G (2683) chess.com INT 2022
0-1 (48)}) 7... Nb8 $146 ({RR} 7... a6 8. Bd3 Na7 9. Nxe5 d6 10. Nc4 c6 11.
Nxb6 Qxb6 12. c4 Ng6 13. Nc3 Ne5 14. Be2 Bd7 15. b3 Rae8 16. Be3 c5 17. f4 Ng6
18. f5 Ne5 19. f6 Qd8 20. Bg5 g6 21. Qe1 Kh8 22. Rf4 {Oriundo,H-Chambi,A Cuzco
1999 1-0}) ({RR} 7... Na5 8. b4 a6 9. Be2 Nac6 10. dxc6 Nxc6 11. Nbd2 d5 12.
exd5 Qxd5 13. Bc4 Qd6 14. Re1 Qg6 15. Nh4 Qf6 16. Ndf3 Bg4 17. Qc2 Bxf3 18.
Nxf3 Rfe8 19. Bg5 Qd6 20. Rad1 Qg6 21. Bd3 Qd6 22. Bxh7+ {Fima,J (1530)
-Ettayeb,J (1380) Champs sur Marne 2006 1-0}) 8. Nxe5 a6 9. Bd3 Ng6 10. Nc4 Ba7
11. Qh5 b5 12. Ne3 Nf4 13. Qd1 Qg5 14. Ng4 h5 15. Qf3 hxg4 16. Qxf4 Qxf4 17.
Bxf4 d6 18. Nd2 Nd7 19. a4 Nc5 20. Bc2 bxa4 21. Bxa4 Nd3 22. Be3 Bxe3 23. fxe3
Ne5 24. b4 Rb8 25. Rfb1 g6 26. Bb3 Kg7 27. Nc4 Nd7 28. Bc2 f5 29. Rf1 Nb6 30.
Nxb6 Rxb6 31. exf5 gxf5 32. Rf4 Kh6 33. Raf1 Kg5 34. e4 Rb8 35. exf5 Rf6 36. h3
gxh3 37. gxh3 Bb7 38. Rg4+ Kh5 39. Rff4 1-0

[Event "Floripa Chess Open 2024"]
[Site "Florianopolis"]
[Date "2024.01.22"]
[Round "3.165"]
[White "Garcia Cruz, Luis Manuel"]
[Black "Dias, Matheus Nunes"]
[Result "0-1"]
[WhiteElo "1381"]
[BlackElo "1684"]
[PlyCount "59"]
[EventDate "2024.01.20"]
[EventRounds "10"]
[EventCountry "BRA"]

1. e4 e6 2. d4 d5 3. exd5 exd5 4. Nf3 Bd6 5. Bd3 Ne7 6. c3 Bf5 7. O-O Bxd3 8.
Qxd3 c6 9. Re1 O-O 10. Nbd2 $146 ({RR} 10. Bg5 f6 11. Bh4 Nd7 12. Bg3 Bxg3 13.
hxg3 Re8 14. Nbd2 Ng6 15. Rxe8+ Qxe8 16. Re1 Qf7 17. Qe2 Kf8 18. Nh4 Nxh4 19.
gxh4 Re8 20. Qxe8+ Qxe8 21. Rxe8+ Kxe8 22. g3 Ke7 23. Kg2 Kd6 24. Kf3 c5 {
Ogonowski,J (1555)-Kacprzak,K Warsaw 2009 1/2-1/2}) 10... Nd7 11. Nf1 Ng6 12.
Ng3 Qc7 13. Nf5 Nf6 14. Nxd6 Qxd6 15. Ne5 Rfe8 16. f4 Ne4 17. Be3 f6 18. Nxg6
hxg6 19. a4 Kf7 20. b3 Rh8 21. c4 Rh5 22. cxd5 cxd5 23. Qb5 Rb8 24. Rac1 g5 25.
g3 Kg6 26. Qd3 Rbh8 27. Rc2 Qd7 28. fxg5 fxg5 29. Rf1 Qh3 30. Bc1 0-1

[Event "Floripa Chess Open 2024"]
[Site "Florianopolis"]
[Date "2024.01.22"]
[Round "3.166"]
[White "Moro, Antonio Renato Pere"]
[Black "Nunes, Lilia"]
[Result "1-0"]
[WhiteElo "1667"]
[BlackElo "1325"]
[PlyCount "51"]
[EventDate "2024.01.20"]
[EventRounds "10"]
[EventCountry "BRA"]

1. e4 e5 2. f4 d5 3. Nf3 exf4 4. exd5 Qxd5 5. Nc3 Qd8 6. d4 Bd6 7. Bc4 Bg4 ({RR
} 7... Nf6 8. O-O O-O 9. Ne5 Nbd7 10. Bxf4 Nb6 11. Bb3 c6 12. Qf3 Be7 13. Rad1
Nbd5 14. Nxd5 cxd5 15. Bg5 Be6 16. Bxf6 Bxf6 17. c3 Bg5 18. Kh1 Qd6 19. Qh5 Qe7
20. Bc2 g6 21. Qf3 Qd6 22. Qg3 {Mortuza Mahathir,I (1599)-Ahmed,M (2097) Dhaka
BAN 2019 0-1 (33)}) 8. O-O Ne7 9. Bxf7+ $146 ({RR} 9. Qe1 Bxf3 10. Rxf3 Nbc6
11. Bxf7+ Kxf7 12. Ne4 Nxd4 13. Nxd6+ Qxd6 14. Rxf4+ Ke8 15. Qd2 Ndc6 16. Qf2
Qd1+ 17. Qf1 Qxf1+ 18. Rxf1 Rf8 19. Bg5 Rf7 20. Rxf7 Kxf7 21. Rf1+ Kg8 22. h4
h6 23. Bf4 Nd5 {Erturk,D-Ciray,T Kemer 2011 0-1 (61)}) 9... Kxf7 10. Ng5+ Kg8
11. Qxg4 Qd7 12. Ne6 Ng6 13. Ne4 Nc6 14. c3 Re8 15. d5 Nd8 16. Nxd6 cxd6 17.
Bxf4 Nxe6 18. dxe6 Rxe6 19. Rae1 Nxf4 20. Qxf4 Rf6 21. Qc4+ Kf8 22. Rxf6+ gxf6
23. Qd4 Kf7 24. Rf1 Qe7 25. Qxa7 Rd8 26. Qd4 1-0

[Event "Floripa Chess Open 2024"]
[Site "Florianopolis"]
[Date "2024.01.22"]
[Round "3.167"]
[White "Pavoni, Felipe Stevanin"]
[Black "Vieira, Luiza Lessing"]
[Result "1-0"]
[WhiteElo "1662"]
[BlackElo "1239"]
[PlyCount "59"]
[EventDate "2024.01.20"]
[EventRounds "10"]
[EventCountry "BRA"]

1. e4 c5 2. Nf3 d6 3. d4 cxd4 4. Nxd4 Nf6 5. Nc3 a6 6. Bg5 Nbd7 7. f4 g6 8. Bc4
({RR} 8. Qe2 Bg7 9. O-O-O O-O 10. e5 dxe5 11. fxe5 Qa5 12. Nf3 Ng4 13. Rd5 b5
14. h3 Nh6 15. Kb1 Nf5 16. Ne4 Qc7 17. g4 Bb7 18. Rxd7 Qxd7 19. gxf5 Qxf5 20.
Ned2 Bxe5 21. Qe3 Qe6 22. Rg1 Bg7 {Alekseev,E (2673)-Grischuk,A (2763) Moscow
2012 1/2-1/2 (41)}) ({RR} 8. Qf3 Bg7 9. O-O-O Qc7 10. h3 b5 11. g4 Bb7 12. Bg2
Rc8 13. Qe2 b4 14. Nd5 Qa5 15. Kb1 Bxd5 16. exd5 Nb8 17. Rhe1 Rc7 18. Bxf6 Bxf6
19. g5 Bg7 20. f5 gxf5 21. Nxf5 Be5 22. h4 Qc5 {Hurtado Mosquera,O (1573)
-Morales,D (1898) Manizales 2017 1-0}) 8... Bg7 9. Qe2 Qc7 $146 ({RR} 9... O-O
10. O-O-O Qc7 11. Bb3 b5 12. h4 Nb6 13. Bxf6 Bxf6 14. h5 g5 15. Nd5 Nxd5 16.
Bxd5 Rb8 17. Nc6 Rb6 18. e5 dxe5 19. fxe5 Rxc6 20. Bxc6 Bxe5 21. Bd5 h6 22. Kb1
e6 23. Bf3 b4 24. g4 {Huschenbeth,N (2306)-Babula,V (2577) Pardubice 2007 0-1 
(36)}) ({RR} 9... O-O 10. Nf3 b5 11. Bd3 Bb7 12. O-O Nc5 13. Rae1 Ne6 14. Qd2
Nxg5 15. Nxg5 Qa5 16. a3 b4 17. Nd1 Qc5+ 18. Qf2 Qxf2+ 19. Nxf2 bxa3 20. bxa3
Nd7 21. Rb1 Nc5 22. Rfe1 Bc3 23. Re2 Rab8 24. Bc4 {Teboudi,K-Burgener,F
Oerebro 1966 0-1 (33)}) ({RR} 9... O-O 10. O-O-O Qc7 11. Rhe1 Nb6 12. Bb3 Bg4
13. Nf3 e6 14. h3 Bxf3 15. Qxf3 Rac8 16. g4 d5 17. f5 Nc4 18. Bxc4 Qxc4 19. e5
Ne4 20. Rxe4 dxe4 21. Qg3 exf5 22. gxf5 f6 23. exf6 Bxf6 24. fxg6 {Konnyu,J 
(2370)-Likavsky,T (2494) Banska Stiavnica 2011 0-1 (39)}) 10. Bb3 h6 11. Bh4
Nc5 12. O-O-O Nxb3+ 13. axb3 O-O 14. h3 b5 15. g4 Bb7 16. Bxf6 Bxf6 17. Nd5
Bxd5 18. exd5 Bxd4 19. Rxd4 Qc5 20. Qd2 Kg7 21. h4 f6 22. Re4 Qc7 23. Rhe1 Rae8
24. Re6 Rf7 25. Qd3 Qc5 26. h5 g5 27. Qg6+ Kf8 28. Qxh6+ Kg8 29. Qg6+ Kf8 30.
h6 1-0

[Event "Floripa Chess Open 2024"]
[Site "Florianopolis"]
[Date "2024.01.22"]
[Round "3.168"]
[White "Oliveira, Andre Pereira Marti"]
[Black "Ferreira, Jose Carlos"]
[Result "1-0"]
[WhiteElo "1333"]
[BlackElo "1624"]
[PlyCount "74"]
[EventDate "2024.01.20"]
[EventRounds "10"]
[EventCountry "BRA"]

1. Nf3 c5 2. b3 Nc6 3. Bb2 d6 4. d4 cxd4 5. Nxd4 e5 6. Nxc6 bxc6 7. g3 Qc7 8.
c4 Nf6 9. Bg2 Bb7 10. Nc3 Be7 ({RR} 10... Rd8 11. O-O Be7 12. Qd2 O-O 13. e4
Nd7 14. Na4 Nf6 15. Qc3 Qb8 16. c5 Nd7 17. b4 Ba6 18. Rfd1 Bb5 19. cxd6 Bxd6
20. Nc5 Nxc5 21. bxc5 Bc7 22. Bh3 Ba4 23. Rxd8 Rxd8 24. Bf1 Bb5 25. Qb3 {
Krumpak,H (1999)-Justin,M (2261) Ljubljana SLO 2021 1/2-1/2}) 11. O-O O-O 12.
Rc1 Rad8 $146 ({RR} 12... Rfd8 13. e3 Rac8 {1/2-1/2 (13) Formento,P (2184)
-Rambaldi,F (2310) Gabicce Mare 2013}) 13. e4 Bc8 14. Qc2 Ne8 15. c5 dxc5 16.
Na4 Ba6 17. Rfd1 Rxd1+ 18. Rxd1 c4 19. bxc4 Bc8 20. Bc1 f6 21. f4 Be6 22. f5
Bf7 23. c5 g6 24. Bh3 g5 25. Qd2 Ng7 26. Qd7 Qxd7 27. Rxd7 Rd8 28. Rxe7 Rd1+
29. Kf2 Rxc1 30. Rxa7 Rc2+ 31. Ke3 Rxa2 32. Ra8+ Ne8 33. Bf1 Kf8 34. Nb6 Rxa8
35. Nxa8 Ke7 36. Ba6 Kd7 37. Bb7 Nc7 1-0

[Event "Floripa Chess Open 2024"]
[Site "Florianopolis"]
[Date "2024.01.22"]
[Round "3.169"]
[White "Bonilla Viamonte, Diego Armando"]
[Black "Goncalves, Maria Talissa Neves"]
[Result "1-0"]
[WhiteElo "1620"]
[BlackElo "1224"]
[PlyCount "59"]
[EventDate "2024.01.20"]
[EventRounds "10"]
[EventCountry "BRA"]

1. c4 e6 2. Nc3 Nf6 3. g3 d5 4. cxd5 exd5 5. d4 Bf5 6. Bg2 c6 7. a3 ({RR} 7. e3
Nbd7 8. Nge2 Bd6 9. f3 Qe7 10. O-O O-O-O 11. Re1 h5 12. e4 dxe4 13. fxe4 Bg4
14. Bg5 h4 15. gxh4 Ne5 16. Qc1 Nd3 17. Qe3 Nxe1 18. Rxe1 Bc7 19. e5 Rde8 20.
Qf2 Rhg8 21. h3 Be6 {Nakamura,H (2699)-Capo Vidal,U (2336) Gibraltar 2009 1-0 
(74)}) ({RR} 7. Bf4 Qb6 8. Qb3 Nbd7 9. Qxb6 Nxb6 10. b3 Ba3 11. Bc1 Bb4 12. Bb2
a5 13. Rc1 a4 14. Kd1 axb3 15. axb3 O-O 16. Nf3 Bxc3 17. Bxc3 Ra3 18. Bb4 Rxb3
19. Bxf8 Kxf8 20. Ne5 Rb4 21. e3 Rb2 {Schaedlich,H (1774)-Alle,W (1785)
Walldorf 2017 1/2-1/2}) 7... Bd6 8. Bg5 Nbd7 9. f3 $146 ({RR} 9. e4 dxe4 10.
Nxe4 Bxe4 11. Bxe4 Qa5+ 12. b4 Qxg5 13. Bg2 O-O 14. Ne2 Rfe8 15. O-O Qh5 16. f3
Nd5 17. Qd3 Re3 18. Qd2 Rae8 19. Rf2 Qf5 20. Ra2 Qd3 21. Qxd3 Rxd3 22. Bf1 Rd1
23. Kg2 Ne3+ {Rannou,N (1610)-Peyre,C (1797) France 2006 0-1 (49)}) 9... h6 10.
Bxf6 Nxf6 11. e4 dxe4 12. fxe4 Bg4 13. Nf3 Bc7 14. Qd3 O-O 15. e5 Nd5 16. Nxd5
cxd5 17. O-O Qe7 18. Qb5 Rad8 19. Qxb7 a5 20. Rac1 Rd7 21. Qc6 f6 22. Rfe1 f5
23. e6 Rd6 24. Qxc7 Qxc7 25. Rxc7 Re8 26. e7 Rb6 27. Ne5 Kh7 28. Nxg4 fxg4 29.
Bxd5 Rxb2 30. Bg8+ 1-0

[Event "Floripa Chess Open 2024"]
[Site "Florianopolis"]
[Date "2024.01.22"]
[Round "3.170"]
[White "De Oliveira, Gualter Amelio"]
[Black "Assis, Caio Bentivenha"]
[Result "1-0"]
[WhiteElo "1585"]
[BlackElo "1800"]
[PlyCount "79"]
[EventDate "2024.01.20"]
[EventRounds "10"]
[EventCountry "BRA"]

1. e4 c5 2. Nc3 e6 3. f4 d5 4. Nf3 d4 5. Ne2 Nf6 6. d3 Nc6 7. g3 Be7 8. Bg2 O-O
({RR} 8... b5 9. O-O O-O 10. h3 a5 11. g4 a4 12. Ng3 c4 13. g5 Nd7 14. h4 Nc5
15. h5 cxd3 16. cxd3 Nb4 17. Ne1 e5 18. Nf5 Bxf5 19. exf5 Ra6 20. h6 g6 21.
fxg6 fxg6 22. Bd2 Nbxd3 23. Nxd3 {Yeritsyan,H (2268)-King,A (2283) chess.com
INT 2021 1-0 (40)}) 9. Ng5 $146 ({RR} 9. Bd2 Rb8 10. O-O b5 11. h3 Ba6 12. g4
c4 13. g5 cxd3 14. cxd3 Nh5 15. Kh2 f5 16. exf5 exf5 17. Qb3+ {1-0 (17)
Vanduyfhuys,I (1393)-Capeski,I (1510) Mamaia 2017}) ({RR} 9. O-O Nd7 10. g4 b5
11. Ng3 e5 12. f5 c4 13. Rf2 cxd3 14. cxd3 Nc5 15. Bf1 b4 16. g5 f6 17. h4 b3
18. a3 Ba6 19. Rg2 Kh8 20. Nh5 Rg8 21. g6 Qe8 22. Nh2 {1-0 (22) Verheyden,
F-Vingerhoets,L Huy 1992}) ({RR} 9. O-O Rb8 10. h3 b5 11. g4 Bb7 12. Ng3 Qc7
13. g5 Nd7 14. Nh4 Bxg5 15. fxg5 Qxg3 16. Qh5 Qc7 17. Rf4 Nde5 18. Bd2 c4 19.
Qe2 c3 20. bxc3 dxc3 21. Bxc3 Nxd3 22. Rf3 Nde5 23. Rf2 b4 {Nogrady,V (2280)
-Reichenbacher,G (2076) Budapest 1999 0-1 (38)}) 9... h6 10. Nf3 Re8 11. Nh4
Ng4 12. Bf3 Ne3 13. Bxe3 dxe3 14. Ng2 Nd4 15. Nc3 Nxf3+ 16. Qxf3 Qd4 17. Qxe3
Qb4 18. Qc1 Qd4 19. h4 a6 20. Ne2 Qb4+ 21. c3 Qb6 22. O-O c4+ 23. d4 Bd7 24.
Qc2 Bc6 25. a4 Qc7 26. Ne1 f6 27. Ng2 b5 28. Ne3 Qb6 29. e5 Be4 30. Qc1 f5 31.
Qe1 g6 32. Kf2 Rad8 33. Rg1 Kh7 34. Qf1 Rg8 35. Qh3 Rdf8 36. g4 Rf7 37. Ng2
Rgf8 38. g5 Bd3 39. Qe3 Be4 40. Rgd1 1-0

[Event "Floripa Chess Open 2024"]
[Site "Florianopolis"]
[Date "2024.01.22"]
[Round "3.173"]
[White "Santiago, Mauro"]
[Black "Gorgen, Antonio Rebello Hor"]
[Result "0-1"]
[WhiteElo "1516"]
[BlackElo "1793"]
[PlyCount "68"]
[EventDate "2024.01.20"]
[EventRounds "10"]
[EventCountry "BRA"]

1. d4 Nf6 2. c4 g6 3. Nc3 Bg7 4. e4 d6 5. f3 O-O 6. Bd3 c5 7. d5 Nbd7 8. Be3
Ne5 9. Nge2 Nfd7 10. O-O Nxd3 11. Qxd3 Ne5 12. Qc2 Nxc4 13. Bf2 a6 14. b3 $146
({RR} 14. Rac1 b5 15. b3 Nb6 16. Rfd1 b4 17. Nb1 f5 18. Nd2 Rf7 19. Nc4 fxe4
20. fxe4 Nd7 21. Rf1 Ne5 22. Nxe5 Bxe5 23. Qd2 Qf8 24. Be3 Qe8 25. Rf2 Rxf2 26.
Kxf2 Qf7+ 27. Kg1 Bd7 28. Rf1 Qe8 {Nagy,N (100)-Egyed,V (1501) Hungary 2009
0-1 (60)}) 14... Na3 15. Qc1 Nb5 16. a4 Nxc3 17. Nxc3 Qa5 18. Be1 Qb6 19. Rb1
Bd7 20. Ne2 f5 21. Bh4 fxe4 22. fxe4 Rxf1+ 23. Qxf1 Rf8 24. Qe1 e6 25. Kh1 exd5
26. a5 Qc7 27. exd5 Re8 28. Qd2 Bf5 29. Rc1 Qf7 30. Rf1 Qd7 31. Bg5 Qb5 32. Re1
Qxb3 33. Nf4 Rxe1+ 34. Qxe1 Qb1 0-1

[Event "Floripa Chess Open 2024"]
[Site "Florianopolis"]
[Date "2024.01.22"]
[Round "3.174"]
[White "Carneiro, Cristiana Fiusa"]
[Black "Philippi, Enzo Grotto"]
[Result "1-0"]
[WhiteElo "1211"]
[BlackElo "1471"]
[PlyCount "85"]
[EventDate "2024.01.20"]
[EventRounds "10"]
[EventCountry "BRA"]

1. c4 Nf6 2. Nc3 d6 3. g3 Nc6 4. Bg2 g6 5. Nf3 Bg7 6. O-O O-O 7. Rb1 Re8 ({RR} 
7... d5 8. cxd5 Nxd5 9. Nxd5 Qxd5 10. Qa4 Bd7 11. Qa3 Qe4 12. d3 Qxe2 13. Be3
Bf5 14. Rfd1 Rad8 15. Ne1 Qh5 16. Bxc6 bxc6 17. Qxe7 Be6 18. b3 Bd5 19. Qg5 Qh3
20. Rbc1 Rfe8 21. Rd2 Rd6 22. Qh4 {Miroshnichenko,E (2627)-Korobov,A (2543)
Poltava 2006 0-1 (34)}) ({RR} 7... a6 8. b4 Rb8 9. b5 axb5 10. cxb5 Na5 11. Qa4
b6 12. Nd4 Nd7 13. Nc6 Nxc6 14. bxc6 Nc5 15. Qc2 Bf5 16. d3 Ra8 17. e4 Be6 18.
Be3 Qc8 19. Nd5 Bxd5 20. exd5 Qa6 21. Bxc5 dxc5 22. Qe2 {Staszewski,K (1376)
-Sieciechowicz,M (2362) Bydgoszcz POL 2021 0-1 (41)}) 8. d3 $146 ({RR} 8. b4 e5
9. b5 Ne7 10. e4 Be6 11. d3 Qc8 12. Ng5 Bg4 13. f3 Bd7 14. f4 h6 15. Nf3 exf4
16. gxf4 Bh3 17. Qe1 Bxg2 18. Kxg2 c6 19. bxc6 bxc6 20. d4 Nh5 21. Kh1 Qg4 22.
Qf2 Qe6 {Lopez,D (2205)-Franco,J Lima 1999 0-1 (33)}) ({RR} 8. b4 e5 9. b5 Ne7
10. d3 Nd7 11. a4 Nc5 12. Ba3 Ne6 13. a5 f5 14. Qc2 g5 15. b6 c6 16. Na4 a6 17.
e3 f4 18. Nc3 fxe3 19. fxe3 Nf5 20. Rfe1 g4 21. Nd2 Bh6 22. Nd1 Rf8 {Montoya,
C-Alvarez Hernandez,D Moravia 2008 0-1 (32)}) 8... Bf5 9. b4 Nd7 10. Bd2 Rb8
11. b5 Nce5 12. Nd4 Ng4 13. Nxf5 gxf5 14. h3 Ngf6 15. Nd5 Nxd5 16. Bxd5 Nb6 17.
Bg2 Qd7 18. Qc1 Qe6 19. Re1 Rec8 20. Kh2 c6 21. e4 Qf6 22. Bg5 Qg6 23. Bxe7 Re8
24. exf5 Qxf5 25. Bxd6 Rbc8 26. Qd2 Rxe1 27. Rxe1 cxb5 28. c5 Na4 29. Be4 Qd7
30. Qg5 h6 31. Qe7 Qxe7 32. Bxe7 Nxc5 33. Rc1 b6 34. Bf5 Rc7 35. Bd6 Rc6 36.
Bb8 Bd4 37. Bxa7 Rd6 38. Bb8 Rf6 39. g4 Bxf2 40. Be5 Rxf5 41. gxf5 Nxd3 42.
Rc8+ Kh7 43. Rh8# 1-0

[Event "Floripa Chess Open 2024"]
[Site "Florianopolis"]
[Date "2024.01.22"]
[Round "3.175"]
[White "Orsini, Cesar Oliveira"]
[Black "Borgonovo, Fabiano"]
[Result "1/2-1/2"]
[WhiteElo "1151"]
[BlackElo "1466"]
[PlyCount "36"]
[EventDate "2024.01.20"]
[EventRounds "10"]
[EventCountry "BRA"]

1. e4 e5 2. Nf3 Nc6 3. Bb5 Nd4 4. Nxd4 exd4 5. c3 Qg5 6. Bf1 Bc5 7. cxd4 ({RR} 
7. d3 Qe7 8. Nd2 Nf6 9. Be2 O-O 10. Nb3 dxc3 11. bxc3 Bb6 12. a4 c6 13. O-O Re8
14. a5 Bc7 15. f4 d6 16. Bf3 Nd7 17. d4 f5 18. e5 dxe5 19. Ba3 Qf7 20. fxe5 Nf8
21. a6 Ne6 {Hansen,E (2550)-Gibson,K (2244) Windsor 2010 1-0 (45)}) ({RR} 7. d3
Qg6 8. a4 a5 9. Nd2 Bb6 10. Nb3 dxc3 11. bxc3 Ne7 12. Ba3 d6 13. h3 O-O 14. Qf3
Be6 15. Nd2 f5 16. e5 Rae8 17. Be2 Bd5 18. Qg3 Qxg3 19. fxg3 dxe5 20. Kd1 Bxg2
21. Rh2 Bc6 {Nanditha,V (1644)-Podinic,B (2238) chess.com INT 2022 0-1 (39)})
7... Bxd4 8. Nc3 Ne7 $146 ({RR} 8... c6 9. Ne2 Bb6 10. d4 Ba5+ 11. Nc3 Qg6 12.
Qf3 d6 13. Bd3 Bg4 14. Qg3 Ne7 15. O-O O-O 16. Bf4 Bc7 17. Rac1 Rac8 18. d5 Bd7
19. dxc6 bxc6 20. Ba6 Rb8 21. b3 Qxg3 22. Bxg3 f5 23. Nb5 {Perissinotto,C-Orsi,
M (2100) Milan 2000 1-0 (48)}) 9. Qf3 O-O 10. Bc4 g6 11. d3 Qc5 12. Be3 Bxc3+
13. bxc3 Qa5 14. O-O Qxc3 15. Bc5 Qe5 16. d4 Qg5 17. e5 b6 18. Bd6 b5 1/2-1/2

[Event "Floripa Chess Open 2024"]
[Site "Florianopolis"]
[Date "2024.01.22"]
[Round "3.176"]
[White "Turci, Vivian Da Silva"]
[Black "Spagnollo, Pedro Henrique"]
[Result "0-1"]
[WhiteElo "1800"]
[BlackElo "1445"]
[PlyCount "140"]
[EventDate "2024.01.20"]
[EventRounds "10"]
[EventCountry "BRA"]

1. d4 Nf6 2. c4 g6 3. Nc3 Bg7 4. e3 O-O 5. Nf3 d6 6. Be2 Nbd7 7. O-O e5 8. Qc2
Re8 9. b3 e4 10. Nd2 Qe7 11. Bb2 Nf8 12. Rfe1 $146 ({RR} 12. Rfd1 h5 13. d5 Bf5
14. Nf1 h4 15. b4 N8h7 16. Nb5 Ng5 17. Rac1 Nf3+ 18. Kh1 Ng4 19. Bxf3 exf3 20.
Qd2 fxg2+ 21. Kxg2 Bxb2 22. Qxb2 Ne5 23. Qd4 Qg5+ 24. Ng3 hxg3 25. hxg3 Bg4 26.
Nxc7 Bf3+ {Leme,J-Cardoso,R Laguna 1980 0-1 (31)}) ({RR} 12. Rfc1 Bf5 13. Bf1
Ne6 14. Nd5 Qd8 15. Nxf6+ Qxf6 16. Nxe4 Qh4 17. f3 Bxe4 18. Qxe4 Qxe4 19. fxe4
Ng5 20. Bd3 Nxe4 21. Re1 Re7 22. Rac1 Rae8 23. Rc2 f5 24. b4 Nf6 25. Rce2 c6
26. b5 d5 {Lysyj,I (2603)-Andreikin,D (2724) chess.com INT 2021 0-1 (44)}) ({RR
} 12. d5 h5 13. Rfe1 Bg4 14. h3 Bf5 15. Bf1 N8h7 16. Ne2 g5 17. g3 Qd7 18. Kh2
h4 19. gxh4 g4 20. Ng3 gxh3 21. Be2 Bg4 {1/2-1/2 (21) Seubert,K-Littlewood,J 
(2320) Bad Woerishofen 1992}) ({RR} 12. Rae1 Bf5 13. Qd1 h5 14. f3 Bh6 15. fxe4
Bxe3+ 16. Kh1 Bg4 17. Nd5 Nxd5 18. Bxg4 hxg4 19. cxd5 Qg5 20. Bc3 g3 21. Nf3
Qh6 22. Qd3 Bf2 23. Re2 g5 24. Bd2 f6 25. Be3 Bxe3 26. Qxe3 Qh5 {Sicilia Ruiz,
M (2153)-Malo Guillen,J (2162) Aragon 2009 1-0 (42)}) 12... Bf5 13. Nf1 h5 14.
Ng3 Bd7 15. f3 exf3 16. Bxf3 h4 17. Nf1 c6 18. h3 N8h7 19. Qf2 g5 20. e4 g4 21.
hxg4 Nxg4 22. Bxg4 Bxg4 23. Ne3 Qg5 24. Nxg4 Qxg4 25. Rad1 Ng5 26. Qe2 Qxe2 27.
Rxe2 h3 28. Rdd2 hxg2 29. Kxg2 Ne6 30. Re1 Bxd4 31. Red1 Be5 32. Na4 Bf4 33.
Rd3 Rac8 34. Nc3 Kf8 35. Ne2 Be5 36. Bxe5 dxe5 37. Kf2 Nc5 38. Re3 Rcd8 39. Ke1
Rxd1+ 40. Kxd1 Rd8+ 41. Kc2 a5 42. Ng3 Rd4 43. Kc3 b5 44. a3 bxc4 45. b4 Na4+
46. Kc2 axb4 47. axb4 c3 48. Kb3 c2 49. Ne2 c1=N+ 50. Nxc1 Nb6 51. Nd3 Nc4 52.
Re2 Rxd3+ 53. Kxc4 Rd4+ 54. Kc5 Ke7 55. Kxc6 Rxb4 56. Kd5 f6 57. Rf2 Rd4+ 58.
Kc6 Rxe4 59. Rd2 Rd4 60. Rf2 Ke6 61. Kc5 Rd8 62. Kc4 e4 63. Kc3 Ke5 64. Rd2
Rxd2 65. Kxd2 Kd4 66. Ke2 e3 67. Kd1 f5 68. Ke1 Kd3 69. Kd1 f4 70. Ke1 e2 0-1

[Event "Floripa Chess Open 2024"]
[Site "Florianopolis"]
[Date "2024.01.22"]
[Round "3.177"]
[White "Antunes, Luan Netto Nikifork"]
[Black "Cardozo, Camila"]
[Result "1-0"]
[WhiteElo "1797"]
[BlackElo "1426"]
[PlyCount "52"]
[EventDate "2024.01.20"]
[EventRounds "10"]
[EventCountry "BRA"]

1. e4 e6 2. d4 d5 3. e5 c5 4. c3 Nc6 5. Nf3 Qb6 6. Bd3 Nh6 7. Bxh6 ({RR} 7. O-O
cxd4 8. cxd4 Nf5 9. Bxf5 exf5 10. Nc3 Be6 11. a3 h6 12. b4 Be7 13. Qd3 O-O 14.
Na4 Qd8 15. Bd2 Rc8 16. Rfc1 b6 17. b5 Nb8 18. Rxc8 Qxc8 19. Nb2 a5 20. h4 Qb7
21. g3 Rc8 {Cuartas,J (2521)-Braun,C (2345) Sitges 2009 1-0 (47)}) ({RR} 7. O-O
cxd4 8. cxd4 Nf5 9. Nc3 Nfxd4 10. Be3 Nxf3+ 11. Qxf3 d4 12. Nb5 dxe3 13. fxe3
Nxe5 14. Qh5 Qxe3+ 15. Kh1 g6 16. Nc7+ Kd8 17. Qh4+ Be7 18. Qa4 Kxc7 19. Rac1+
Kb8 20. Qc2 Qb6 21. Bb5 a6 {Philipsen,W (2016)-McPhillips,J (2341) Helsingor
2016 0-1 (33)}) 7... gxh6 8. b3 $146 ({RR} 8. Qd2 Bd7 9. dxc5 Bxc5 10. O-O
O-O-O 11. b4 Be7 12. a4 Qc7 13. Re1 f6 14. exf6 Bxf6 15. Na3 Ne5 16. Nd4 Nxd3
17. Qxd3 Bxd4 18. Qxd4 Kb8 19. Nb5 Bxb5 20. axb5 b6 21. Rxe6 Rhf8 22. Rc6 Qf4 {
Bjelajac,M (2370)-Becking,F (2071) playchess.com INT 2004 1-0}) ({RR} 8. Qd2
cxd4 9. cxd4 Bd7 10. Be2 O-O-O 11. O-O Be7 12. Rc1 Kb8 13. Nc3 Bb4 14. a3 Bxc3
15. Qxc3 Rc8 16. b4 Nxe5 17. Nxe5 Qd8 18. Nxd7+ Qxd7 19. Qd2 Qd8 20. Rxc8+ Qxc8
21. Rc1 Qg8 22. Qxh6 Qe8 {Disteldorf,J-Cassidy,K Australia 1999 1-0}) ({RR} 8.
Qd2 Bd7 9. Be2 Rc8 10. O-O cxd4 11. cxd4 Na5 12. Rc1 Nc4 13. Bxc4 dxc4 14. Nc3
Bc6 15. Qe2 Rg8 16. Ne4 Bxe4 17. Qxe4 Qc6 18. Qxc6+ Rxc6 19. Nd2 Rg4 20. Nf3
Re4 21. Rc2 h5 22. Re1 Rxe1+ {Bravo Lutz,S-Schweigert,W Pinneberg 1996 0-1 (51)
}) 8... cxd4 9. O-O Bg7 10. cxd4 O-O 11. Nc3 a6 12. Bb1 f5 13. exf6 Rxf6 14.
Qd3 Rf5 15. Nh4 Nxd4 16. Qd2 Rh5 17. Nf3 Nc6 18. Ne2 Bd7 19. Rd1 Rc8 20. Ng3
Be8 21. Nxh5 Bxh5 22. Qd3 Bg6 23. Qe3 Bf7 24. Bc2 Re8 25. Rd2 Bh5 26. Rad1 e5
1-0